Statistics for All Relegated Premier League Teams Ever

Click here to take the quiz!

General Stats

  • This quiz has been taken 630 times
    (416 since last reset)
  • The average score is 32 of 38

Answer Stats

Team% Correct
Sunderland
97%
Newcastle United
96%
Norwich City
95%
West Ham United
93%
Aston Villa
92%
West Bromwich Albion
91%
Leeds United
90%
Cardiff City
90%
Derby County
90%
Blackburn Rovers
89%
Sheffield Wednesday
88%
Sheffield United
88%
Queens Park Rangers
87%
Portsmouth
87%
Wolverhampton Wanderers
87%
Fulham
87%
Middlesbrough
86%
Southampton
85%
Hull City
85%
Nottingham Forest
85%
Ipswich Town
85%
Manchester City
84%
Burnley
83%
Bolton Wanderers
83%
Birmingham City
82%
Crystal Palace
81%
Wigan Athletic
81%
Leicester City
81%
Charlton Athletic
79%
Blackpool
78%
Reading
77%
Watford
76%
Wimbledon
75%
Swindon Town
74%
Bradford City
72%
Barnsley
72%
Coventry City
72%
Oldham Athletic
71%

Score Distribution

Percentile by Number Answered

Percent of People with Each Score

Your Score History

You have not taken this quiz since the last reset